|
|
|
|
| LEADER |
00819nam a2200217 a 4500 |
| 001 |
00012331 |
| 008 |
120104s1996 ii a 001 0 eng |
| 020 |
|
|
|a 8170293774
|
| 040 |
|
|
|a BD-DhAAL
|c BD-DhAAL
|
| 082 |
0 |
4 |
|a 005.13/3
|2 22
|
| 100 |
1 |
|
|a Salaria, R.S.
|
| 245 |
1 |
0 |
|a Programming in Microsoft FORTRAN 77 for IBM PC and compatibles /
|c R.S. Salaria.
|
| 260 |
|
|
|a New Delhi :
|b BPB Publications,
|c 1996.
|
| 300 |
|
|
|a xviii, 351 p. :
|b ill. ;
|c 25 cm.
|
| 500 |
|
|
|a Includes index.
|
| 541 |
1 |
|
|e 00012331
|
| 650 |
|
0 |
|a FORTRAN (Computer program language)
|
| 650 |
|
0 |
|a Computer programs
|
| 852 |
1 |
|
|a Ayesha Abed library
|c General Shelf
|
| 999 |
|
|
|c 11743
|d 11743
|
| 952 |
|
|
|0 0
|1 0
|2 ddc
|4 0
|6 005_133000000000000_SAL
|7 0
|9 19103
|a BRACUL
|b BRACUL
|c GEN
|d 2012-01-10
|g 125.00
|l 4
|o 005.133 SAL
|p 3010012331
|r 2016-09-07
|s 2016-05-12
|t 1
|w 2012-01-10
|y BK
|